Histology : An identification manual

This book contains material that is typically taugth in a first histology cource, whether at the undergraduate or graduate/professional school level. In addition, material normally found in comprehensive histology textbooks is not repeated here. Detailed descriptions of function, ultrastructure, or...

Cijeli opis

Spremljeno u:
Bibliografski detalji
Glavni autor: Tallitsch, Robert B.
Format: Knjiga
Jezik:Undetermined
Izdano: Philadelphia, PA. Mosby Elsevier 2009
Teme:
Oznake: Dodaj oznaku
Bez oznaka, Budi prvi tko označuje ovaj zapis!
Thư viện lưu trữ: Trung tâm Học liệu Trường Đại học Cần Thơ
LEADER 01005nam a2200217Ia 4500
001 CTU_154831
008 210402s9999 xx 000 0 und d
020 |c 1039000 
082 |a 611.018 
082 |b T149 
100 |a Tallitsch, Robert B. 
245 0 |a Histology : 
245 3 |b An identification manual 
245 0 |c Robert B. Tallitsch, Ronald S. Guastaferri 
260 |a Philadelphia, PA. 
260 |b Mosby Elsevier 
260 |c 2009 
520 |a This book contains material that is typically taugth in a first histology cource, whether at the undergraduate or graduate/professional school level. In addition, material normally found in comprehensive histology textbooks is not repeated here. Detailed descriptions of function, ultrastructure, or current reseach findings are therefore not included. 
650 |a Cell biology monographs,Nghiên cứu về tế bào học,Histology,Mô học 
904 |i Ngoc Tuyet 
980 |a Trung tâm Học liệu Trường Đại học Cần Thơ